000 00952nac a22002897a 4500
001 BR8903521
003 BR-BrBNA
005 20240105120957.0
008 230509b bl.|||m| |||| 00| 0 por d
040 _aBR-BrBNA
_bpor
_cBiblioteca Nacional de Agricultura
072 _aF01
090 _a1490 BR8903521
100 1 _aPinto, C.M.F.
100 1 _aFonte, P.C.R.
100 1 _aNazar, R.A.
110 1 _aEmpresa de Pesquisa Agropecuaria de Minas Gerais, Belo Horizonte (Brasil)
245 1 _aCultivo do feijao-vagem, no inverno, na Zona da Mata de Minas Gerais
260 3 _aBelo Horizonte, MG (Brasil):
_c1989.
300 _a2 p.
490 _aPesquisando - Empresa de Pesquisa Agropecuaria de Minas Gerais (Brazil)
_vno. 188
_xISSN 0102-2156
650 _aFEIJAO TREPADOR
650 _aPRATICA CULTURAL
650 _aZONA DA MATA
650 _aMINAS GERAIS
909 _a202312
_bLúcia Elande
_c55
_dLúcia Elande
942 _2AGRIS
_n0
_cMS
999 _c282560
_d282560